000 00634cam5a220020500 4500
001 qcf00008273
005 20190816085206.0
008 741007s1968 fr 000 1 fre u
035 _a(Sirsi) r123786
035 _a(QCAT)lss00661737
035 _a(UPRA)qcf00008273
040 _dUPRA
100 1 _aValles, Jules, 1832-1885.
_dValles, Jules, 1832-1885.
_6A44244.1
245 1 2 _aL'Enfant /
_cChronologie et introd. par E. Carassus.
260 _a[Paris] :
_bGarnier-Flammarion,
_cc1968]
700 1 _aCarassus, Emilien.
_6A91175.1
740 0 _aEnfant.
949 _aPQ2458.V7
_wlcc
_i-177960
_mMAIN
_tBOOK
_lON-SHELF
004 123786
999 _c80188
_d80188